Conspiración de la C.I.A. en Nicaragua
Gespeichert in:
| Körperschaft: | |
|---|---|
| Format: | Text |
| Veröffentlicht: |
Managua:
Dirección General de Divulgación y Prensa
|
| Schlagworte: | |
| Tags: |
Tag hinzufügen
Keine Tags, Fügen Sie den ersten Tag hinzu!
|
MARC
| LEADER | 00000 a a2200000 04500 | ||
|---|---|---|---|
| 001 | 14753 | ||
| 003 | |||
| 040 | |||
| 090 | |a 022300 | ||
| 110 | |a Nicaragua. Junta de Gobierno de Reconstrucción Nacional. Dirección General de Divulgación y Prensa | ||
| 245 | |a Conspiración de la C.I.A. en Nicaragua | ||
| 260 | |a Managua: |b Dirección General de Divulgación y Prensa | ||
| 300 | |a 73 p. | ||
| 650 | |a INTERVENCION EXTRANJERA | ||
| 999 | |c 9456 |d 9456 | ||
